000 00760nam a2200229Ia 4500
003 GCL
005 20240530103044.0
008 140319s9999 xx 000 0 ara d
040 _aGCL /
_cGCL
082 0 4 _aق
_b962.0352
_bم ذ
110 0 _aمجلس النظار
245 1 0 _aالذكرى المئوية للثورة العرابية 1881 - 1981 /
_cمجلس النظار
260 _a[S.N] :
_bالمركز العربى للبحث والنشر ،
_c1981
300 _a110 ص
650 0 4 _aالعصر الحديث
650 0 4 _aمصر
650 0 4 _aتاريخ
650 0 4 _aوثائق
650 0 4 _aالمحاكم العسكرية
650 0 4 _aمصر - تاريخ - العصر الحديث - الثورة العرابية
942 _2ddc
_cBK
999 _c36487
_d36487